Introduction to AutoCAD 2006: (Record no. 4968)
[ view plain ]
| 000 -LEADER | |
|---|---|
| fixed length control field | 00985nac a22002895a 4500 |
| 006 - FIXED-LENGTH DATA ELEMENTS--ADDITIONAL MATERIAL CHARACTERISTICS--GENERAL INFORMATION | |
| fixed length control field | a||||fr||||z00| 0 |
| 008 - FIXED-LENGTH DATA ELEMENTS--GENERAL INFORMATION | |
| fixed length control field | 150823t2006 n a|||| b||| 001 0 eng d |
| 020 ## - INTERNATIONAL STANDARD BOOK NUMBER | |
| International Standard Book Number | 0131193333 |
| 020 ## - INTERNATIONAL STANDARD BOOK NUMBER | |
| International Standard Book Number | 9780131193338 |
| 040 ## - CATALOGING SOURCE | |
| Original cataloging agency | EG-Sc BUE |
| Language of cataloging | eng |
| Transcribing agency | EG-Sc BUE |
| 082 04 - DEWEY DECIMAL CLASSIFICATION NUMBER | |
| Classification number | 620.00420285536 |
| Item number | RIC |
| Edition number | 22 |
| 100 1# - MAIN ENTRY--PERSONAL NAME | |
| Personal name | Richard, Paul |
| 245 10 - TITLE STATEMENT | |
| Title | Introduction to AutoCAD 2006: |
| Remainder of title | A modern perspective/ |
| Statement of responsibility, etc | Paul Richard,Jim Fitzgerald |
| 260 ## - PUBLICATION, DISTRIBUTION, ETC. (IMPRINT) | |
| Place of publication, distribution, etc | Upper Saddle River : |
| Name of publisher, distributor, etc | Pearson Prentice Hall, |
| Date of publication, distribution, etc | c.2006 |
| 300 ## - PHYSICAL DESCRIPTION | |
| Extent | xv, 906 p. : |
| Other physical details | ill. ; |
| Dimensions | 27 cm. + |
| Accompanying material | 1 CD-ROM (4 3/4 in.) |
| 500 ## - GENERAL NOTE | |
| General note | Index : p. 895-906. |
| 500 ## - GENERAL NOTE | |
| General note | Glossary : p.889-893. |
| 590 ## - LOCAL NOTE (RLIN) | |
| Local note | Doha |
| 650 ## - SUBJECT ADDED ENTRY--TOPICAL TERM | |
| Topical term or geographic name as entry element | Computer graphics |
| Source of heading or term | BUEsh |
| 650 ## - SUBJECT ADDED ENTRY--TOPICAL TERM | |
| Topical term or geographic name as entry element | Computer- aided design |
| Source of heading or term | BUEsh |
| 650 ## - SUBJECT ADDED ENTRY--TOPICAL TERM | |
| Topical term or geographic name as entry element | Computer aided engineering |
| Source of heading or term | BUEsh |
| 650 ## - SUBJECT ADDED ENTRY--TOPICAL TERM | |
| Topical term or geographic name as entry element | Engineering design |
| General subdivision | data processing |
| Source of heading or term | BUEsh |
| 9 (RLIN) | 2127 |
| 651 ## - SUBJECT ADDED ENTRY--GEOGRAPHIC NAME | |
| Source of heading or term | BUEsh |
| 653 ## - INDEX TERM--UNCONTROLLED | |
| Arrived date list | August2015 |
| 700 1# - ADDED ENTRY--PERSONAL NAME | |
| Personal name | Fitzgerald, Jim |
| 9 (RLIN) | 9246 |
| 942 ## - ADDED ENTRY ELEMENTS (KOHA) | |
| Item type | |
| Call number prefix | 620.00420285R511 |
| Source of classification or shelving scheme | Dewey Decimal Classification |
| Withdrawn status | Item status | Source of classification or shelving scheme | Damaged status | Not for loan | Home library | Current library | Shelving location | Date acquired | Source of acquisition | Total Checkouts | Total Renewals | Full call number | Barcode | Date last seen | Koha item type | Date last borrowed | Vendor |
|---|---|---|---|---|---|---|---|---|---|---|---|---|---|---|---|---|---|
| Dewey Decimal Classification | Central Library | Central Library | First floor | 04/10/2007 | Purchase | 5 | 2 | 620.00420285 RIC | 000006141 | 15/07/2025 | Book - Borrowing | ||||||
| Central Library | Central Library | First floor | 04/10/2007 | Purchase | 4 | 620.00420285 RIC | 000006140 | 15/07/2025 | Book - Borrowing | 05/02/2009 | |||||||
| Dewey Decimal Classification | Central Library | Central Library | First floor | 12/05/2010 | 1 | 1 | 620.00420285 RIC | 000011531 | 24/08/2022 | CD | DVD - With book (NB) | 21/09/2013 | ||||||
| Dewey Decimal Classification | Central Library | Central Library | First floor | 12/05/2010 | 620.00420285 RIC | 000006139 | 15/07/2025 | NB - Book (Non borrowing) |